书目信息 |
| 题名: |
请君出瓮
|
|
| 作者: | 刘勇强 著 | |
| 分册: | ||
| 出版信息: | 上海 上海文艺出版社 2024.08 |
|
| 页数: | 447页 | |
| 开本: | 22cm | |
| 丛书名: | ||
| 单 册: | ||
| 中图分类: | I267.3 | |
| 科图分类: | ||
| 主题词: | 小品文--作品集--中国--当代 | |
| 电子资源: | ||
| ISBN: | 978-7-5321-8808-6 | |
| 000 | 00656nam0 2200229 450 | |
| 001 | 012642880 | |
| 005 | 20251022134341.48 | |
| 010 | @a978-7-5321-8808-6@dCNY78.00 | |
| 100 | @a20240809d2024 em y0chiy0120 ea | |
| 101 | 0 | @achi |
| 102 | @aCN@b310000 | |
| 105 | @aa z 000cy | |
| 106 | @ar | |
| 200 | 1 | @a请君出瓮@9qing jun chu weng@e话说典籍里的精妙故事@f刘勇强著 |
| 210 | @a上海@c上海文艺出版社@d2024.08 | |
| 215 | @a447页@c彩图@d22cm | |
| 300 | @a新人文小品小说 | |
| 606 | 0 | @a小品文@x作品集@y中国@z当代 |
| 690 | @aI267.3@v5 | |
| 701 | 0 | @a刘勇强@9liu yong qiang@4著 |
| 801 | 0 | @aCN@c20250910 |
| 905 | @a河南城建学院图书馆@dI267.3@eL715@ZL715@f1 | |
| 请君出瓮:话说典籍里的精妙故事/刘勇强著.-上海:上海文艺出版社,2024.08 |
| 447页:彩图;22cm |
| 新人文小品小说 |
| ISBN 978-7-5321-8808-6:CNY78.00 |
| ● |
| 相关链接 |
|
|
|
正题名:请君出瓮
索取号:I267.3/L715
 
预约/预借
| 序号 | 登录号 | 条形码 | 馆藏地/架位号 | 状态 | 备注 |
| 1 | 1633953 | 216339530 | 文学库116/116文学库 10排3列1层/ [索取号:I267.3/L715] | 在馆 |